000 00629nam a2200193Ia 4500
003 GCL
008 140319s9999 xx 000 0 ara d
020 _a1282291977
040 _aGCL /
_cGCL
082 0 4 _a813.03
_bم ح
100 1 _aمحمد نعيم شريف
245 1 0 _aالحياة الذروة /
_cمحمد نعيم شريف
260 _aالقاهرة :
_bمركز الحضارة العربية للاعلام والنشر ،
_c2001
300 _a619 ص ؛
_c20 سم
650 0 4 _aالادب العربى
650 0 4 _aالقصة العربية
650 0 4 _aالرواية الانجليزية
942 _2ddc
_cBK
999 _c5116
_d5116